• 首页
  • 本馆介绍
  • 公告通知
  • 最新文献
  • 馆藏检索
  • 电子资源
  • 读者导购
  • 参考咨询
  • 我的图书馆
  • 登录
  • 详细信息显示
  • 放入我的书架
  • 预约/预借图书
  • 作者相关作品
  • 分类相关作品
  • 丛书相关作品
  • 出版社相关作品

书目信息

  • 表格格式
  • 工作单格式
  • 卡片格式
题名:
中国最美的地质公园
    
 
作者: 吴胜明 著
分册:  
出版信息: 北京   北京大学出版社  2011.7
页数: 230页
开本: 24cm
丛书名:
单 册:
中图分类: S759.93
科图分类:
主题词: 地质--国家公园--概况--中国 , 地质 , 国家公园
电子资源:
ISBN: 978-7-301-19178-1
000 01026nam0 2200277 45
001 515
005 20120604093519.78
010    @a978-7-301-19178-1@dCNY49.00
100    @a20120328d2011 em y0chiy50 ea
101 0  @achi
102    @aCN@b110000
105    @aa z 000yy
106    @ar
200 1  @a中国最美的地质公园@AZhong Guo Zui Mei De Di Zhi Gong Yuan@dThe most beautiful national geopark of China@f吴胜明著@FWu Sheng Ming Zhu@zeng
210    @a北京@c北京大学出版社@d2011.7
215    @a230页@c彩照, 图@d24cm
300    @a大美阅读·自然与人文系列/王直华主编
330    @a本书既是一部旅游地学佳作,又是一部独具特色的科普读物。作者以资深的地学专家和热爱自然的普通行者的双重身份,对中国最美的地质公园进行了科学的分类欣赏。
510 1  @aMost beautiful national geopark of China@zeng
606 0  @a地质@x国家公园@x概况@y中国
606 0  @a地质
606 0  @a国家公园
690    @aS759.93@v4
701  0 @a吴胜明@AWu Sheng Ming@f(1941~)@4著
801  0 @aCN@bTSTCL@c20120328
905    @b0813755-61@dS759.93@e49@f7
    
    中国最美的地质公园=The most beautiful national geopark of China/吴胜明著.-北京:北京大学出版社,2011.7
    230页:彩照, 图;24cm
    大美阅读·自然与人文系列/王直华主编
    
    ISBN 978-7-301-19178-1:CNY49.00
    本书既是一部旅游地学佳作,又是一部独具特色的科普读物。作者以资深的地学专家和热爱自然的普通行者的双重身份,对中国最美的地质公园进行了科学的分类欣赏。
●
相关链接 在E读中查询图书 在五车中查询图书 在当当中查询图书 在豆瓣中查询图书


正题名:中国最美的地质公园     索取号:S759.93/49         预约/预借

序号 登录号 条形码 馆藏地/架位号 状态 备注
1 0813755   208137559   第二样本阅览室/ [索取号:S759.93/49] 在馆    
2 0813756   208137568   第三借阅区/ [索取号:S759.93/49] 在馆    
3 0813757   208137577   密集书库/ [索取号:S759.93/49] 在馆    
4 0813758   208137586   第三借阅区/ [索取号:S759.93/49] 在馆    
5 0813759   208137595   第三借阅区/ [索取号:S759.93/49] 在馆    
6 0813760   208137602   第三借阅区/ [索取号:S759.93/49] 在馆    
7 0813761   208137611   密集书库/ [索取号:S759.93/49] 在馆    
唐山师范学院图书馆 欢迎您!
大连网信软件有限公司© 版权所有